Statistics for Harry Potter Things

Click here to take the quiz!

General Stats

  • This quiz has been taken 49 times
  • The average score is 13 of 15

Answer Stats

HintAnswer% Correct
The boy who livedHarry Potter
100%
Harry's owlHedwig
100%
The school of witchcraft and wizardryHogwarts
100%
The platform in the train station9 3/4
95%
Ron's twin brothersFred and George
95%
The brightest witch of her ageHermione Granger
93%
The person who slew NaginiNeville Longbottom
91%
WormtailPeter Pettigrew
88%
ProngsJames Potter
86%
PadfootSirius Black
86%
MoonyRemus Lupin
84%
Elder wand, invisibility cloak, resurrection stoneThe Deathly Hallows
81%
Core of Harry's wandPheonix feather
74%
Triwizard Tournament winnersCedric and Harry
60%
What Professor Trelawney sees in Harry's teacupGrimm
26%

Score Distribution

Percentile by Number Answered

Percent of People with Each Score

Your Score History

You have not taken this quiz